Online
Catalog

Relaciones y cartas / (Record no. 2643)

MARC details
000 -CABECERA
campo de control de longitud fija 00753cam a2200217 a 4500
001 - NÚMERO DE CONTROL
campo de control 000002809
003 - IDENTIFICADOR DEL NÚMERO DE CONTROL
campo de control DO-SdBNP
005 - FECHA Y HORA DE LA ÚLTIMA TRANSACCIÓN
campo de control 20250318150725.0
008 - DATOS DE LONGITUD FIJA--INFORMACIÓN GENERAL
campo de control de longitud fija 910114s1914 sp 001 0 spa
040 ## - FUENTE DE LA CATALOGACIÓN
Centro catalogador/agencia de origen DO-SdBNP
Lengua de catalogación spa
Centro/agencia transcriptor BNPHU
082 ## - NÚMERO DE LA CLASIFICACIÓN DECIMAL DEWEY
Número de clasificación 980.2
Número de documento/Ítem C719r
100 ## - ENTRADA PRINCIPAL--NOMBRE DE PERSONA
Nombre de persona Colón, Cristobal,
Fechas asociadas al nombre 1436-1456
9 (RLIN) 19795
245 10 - MENCIÓN DE TÍTULO
Título Relaciones y cartas /
Mención de responsabilidad, etc. Cristóbal Colón.
260 ## - PUBLICACIÓN, DISTRIBUCIÓN, ETC.
Lugar de publicación, distribución, etc. Madrid :
Nombre del editor, distribuidor, etc. Librería de Perlado. Páez y C. Sucesores de Hernándo,
Fecha de publicación, distribución, etc. 1914.
300 ## - DESCRIPCIÓN FÍSICA
Extensión t. 164 ;
Dimensiones 18 cm.
490 1# - MENCIÓN DE SERIE
Mención de serie Biblioteca Clásica
Designación de volumen o secuencia 164.
500 ## - NOTA GENERAL
Nota general La biblioteca posee el tomo 164.
651 #4 - PUNTO DE ACCESO ADICIONAL DE MATERIA--NOMBRE GEOGRÁFICO
Nombre geográfico América --
Subdivisión general Descubrimiento y exploración --
-- Españoles
9 (RLIN) 544
Subdivisión de forma Ensayo, conferencias, etc.
830 #0 - PUNTO DE ACCESO ADICIONAL DE SERIE-TÍTULO UNIFORME
Título uniforme Biblioteca Clásica ;
Designación de volumen o secuencia 164.
9 (RLIN) 8878
942 ## - ELEMENTOS DE PUNTO DE ACCESO ADICIONAL (KOHA)
Fuente del sistema de clasificación o colocación Dewey Decimal Classification
Tipo de ítem Koha Libro
Holdings
Estado de retiro Estado de pérdida Restricciones de uso No para préstamo Código de colección Localización permanente Ubicación/localización actual Ubicación en estantería Fecha de adquisición Número de inventario Total de préstamos Signatura topográfica completa Código de barras Fecha visto por última vez Precio válido a partir de Tipo de ítem Koha
    Préstamo interno   Monografías: Libros y Folletos General General En catalogación 03.07.2009 LF1   980.2 C719r 2809-10 25.06.2020 25.06.2020 Préstamo interno

Powered by Koha